Ópusztaszer - verőfényben
Elmentve itt :
| Szerző: | |
|---|---|
| Dokumentumtípus: | Cikk |
| Megjelent: |
1987-08-20
|
| Sorozat: | Délmagyarország
77 No. 196 |
| Kulcsszavak: | Ópusztaszer, Nemzeti Történelmi Emlékpark |
| Online Access: | http://dmarchiv.bibl.u-szeged.hu/86571 |
| LEADER | 00479nab a2200157 i 4500 | ||
|---|---|---|---|
| 001 | delm86571 | ||
| 005 | 20190917143436.0 | ||
| 008 | 190917s1987 hu o 0|| hun d | ||
| 040 | |a SZTE Délmagyarország Archívum |b hun | ||
| 041 | |a hun | ||
| 100 | 1 | |a Pálfy Katalin | |
| 245 | 1 | 0 | |a Ópusztaszer - verőfényben |h [elektronikus dokumentum] / |c Pálfy Katalin |
| 260 | |c 1987-08-20 | ||
| 300 | |a 5 | ||
| 490 | 0 | |a Délmagyarország |v 77 No. 196 | |
| 695 | |a Ópusztaszer, Nemzeti Történelmi Emlékpark | ||